| 000 | 00816nam a2200253 a 4500 | ||
|---|---|---|---|
| 005 | 20241207063742.0 | ||
| 008 | 011011s1992 mx r 000 0 spa d | ||
| 020 | _a8470436872 | ||
| 035 | _aUPN01000112909 | ||
| 049 | _aCG | ||
| 050 | 4 |
_aHM134 _bP6.4 no. 3.2 |
|
| 100 | 1 | _aUroz, Jorge | |
| 245 | 1 | 0 |
_aSociología, economía, política / _cJorge Uroz, Juan García, Pablo Benlloch. |
| 260 |
_aMadrid, Esp. : _bCCS, _c1992. |
||
| 300 |
_a248 p. : _eil. |
||
| 440 | 0 |
_aPlan de formación de animadores. _pBloque 3. _pEl saber del animador. _PEducación social ; _V3.2 |
|
| 650 | 2 |
_aAnimación sociocultural _91050 |
|
| 650 | 4 |
_aSociología _95756 |
|
| 650 | 4 |
_aSOCIOLOGIA POLITICA _96017 |
|
| 650 | 4 |
_aEconomía _911541 |
|
| 700 | 1 |
_aGarcía, Juan, _ecoaut. |
|
| 700 | 1 |
_aBenlloch, Pablo, _ecoaut. |
|
| 905 | _aLibro | ||
| 999 |
_c86817 _d86817 |
||